Molecular Cell Biology (Record no. 6063)

MARC details
000 -LEADER
fixed length control field 00596nam a22002297a 4500
003 - CONTROL NUMBER IDENTIFIER
control field OSt
005 - DATE AND TIME OF LATEST TRANSACTION
control field 20180320173017.0
008 - FIXED-LENGTH DATA ELEMENTS--GENERAL INFORMATION
fixed length control field 170208b xxu||||| |||| 00| 0 eng d
020 ## - INTERNATIONAL STANDARD BOOK NUMBER
International Standard Book Number 9780716776017
020 ## - INTERNATIONAL STANDARD BOOK NUMBER
International Standard Book Number 0716776014
040 ## - CATALOGING SOURCE
Transcribing agency DDC
082 ## - DEWEY DECIMAL CLASSIFICATION NUMBER
Classification number 571 MOL 2007
100 ## - MAIN ENTRY--PERSONAL NAME
Personal name Lodish, Harvey [et...al]
9 (RLIN) 11505
245 ## - TITLE STATEMENT
Title Molecular Cell Biology
250 ## - EDITION STATEMENT
Edition statement 6th ed.
260 ## - PUBLICATION, DISTRIBUTION, ETC. (IMPRINT)
Place of publication, distribution, etc. New York; W.H. Freeman, 2007
300 ## - PHYSICAL DESCRIPTION
Extent xxxvii,1149p; col.ill: 29cm
504 ## - BIBLIOGRAPHY, ETC. NOTE
Bibliography, etc Glossary, & index included
650 ## - SUBJECT ADDED ENTRY--TOPICAL TERM
Topical term or geographic name as entry element Cell biology
9 (RLIN) 5671
650 ## - SUBJECT ADDED ENTRY--TOPICAL TERM
Topical term or geographic name as entry element Molecules
9 (RLIN) 8508
942 ## - ADDED ENTRY ELEMENTS (KOHA)
Source of classification or shelving scheme Dewey Decimal Classification
Koha item type Open Shelf
Holdings
Withdrawn status Lost status Source of classification or shelving scheme Damaged status Not for loan Home library Current library Date acquired Source of acquisition Inventory number Total Checkouts Full call number Barcode Date last seen Date last checked out Price effective from Koha item type
    Dewey Decimal Classification     MUST Main Library MUST Main Library 20/03/2018   11/33699 2 571 MOL 2007 2018-0195 22/03/2021 09/03/2021 20/03/2018 Open Shelf